000 00255nam a2200097Ia 4500
001 990124
005 20251230110742.0
008 250824s9999 xx 000 0 und d
245 0 _aSHERLOCK HOLMES - KANIT PEŞİNDE
_cSİR ARTHUR CONAN DOYLE
260 _bdokuz
999 _c990124
_d990124